Rizika investování do komodit v kontextu zvyšování finanční gramotnosti
Autorka sa snaží určiť, či je možné investície spojené s komoditami zaradiť medzi spôsoby investovania, s ktorými by sa mala zoznámiť široká verejnosť v rámci zvyšovania finančnej gramotnosti. Pri investíciách do komodit je zvažovaná ich náročnosť a rizikovosť. Návrhy sú formulované na základe vyhod...
Salvato in:
| Autore principale: | |
|---|---|
| Natura: | Capitolo di libro |
| Lingua: | ceco |
| Soggetti: | |
| Tags: |
Nessun Tag, puoi essere il primo ad aggiungerne!!
|
MARC
| LEADER | 00000nla a2200000 4500 | ||
|---|---|---|---|
| 001 | 0200006 | ||
| 005 | 20240417075056.6 | ||
| 041 | 0 | |a cze | |
| 044 | |a CZ | ||
| 245 | 1 | 0 | |a Rizika investování do komodit v kontextu zvyšování finanční gramotnosti |c Eliška Kvapilová |
| 520 | |a Autorka sa snaží určiť, či je možné investície spojené s komoditami zaradiť medzi spôsoby investovania, s ktorými by sa mala zoznámiť široká verejnosť v rámci zvyšovania finančnej gramotnosti. Pri investíciách do komodit je zvažovaná ich náročnosť a rizikovosť. Návrhy sú formulované na základe vyhodnotenia výsledkov analýzy charakteristík komodít ako investičného aktíva s použitím zdrojov z teórie a praxe. | ||
| 610 | 2 | 0 | |a komodity |
| 610 | 2 | 0 | |a investovanie |
| 610 | 2 | 0 | |a investície |
| 610 | 2 | 0 | |a gramotnosť finančná |
| 610 | 2 | 0 | |a vzdelávanie |
| 100 | 1 | |a Kvapilová, Eliška | |